|
|
|
|
| LEADER |
02017cam a2200409 a 4500 |
| 001 |
16643637 |
| 003 |
BD-DhAAL |
| 005 |
20130619123401.0 |
| 008 |
130619s2011 maua b 001 0 eng d |
| 010 |
|
|
|a 2010513407
|
| 020 |
|
|
|a 9780205000869 (pbk.)
|
| 020 |
|
|
|a 020500086X (pbk.)
|
| 035 |
|
|
|a (OCoLC)ocn639165013
|
| 040 |
|
|
|a BTCTA
|b eng
|c BTCTA
|d HVC
|d YDXCP
|d GZH
|d DLC
|d BD-DhAAL
|
| 050 |
0 |
0 |
|a JK274
|b .K62 2011
|
| 082 |
|
|
|2 22
|a 320.60973
|
| 100 |
1 |
|
|a Kingdon, John W.
|9 2160
|
| 245 |
1 |
0 |
|a Agendas, alternatives, and public policies /
|c John W. Kingdon ; with a new foreword by James A. Thurber.
|
| 250 |
|
|
|a Updated 2nd ed.
|
| 260 |
|
|
|a Boston :
|b Longman,
|c c2011.
|
| 300 |
|
|
|a xx, 273 p. :
|b ill. ;
|c 24 cm.
|
| 490 |
1 |
|
|a Longman classics in political science
|
| 500 |
|
|
|a "Includes a new epilogue: Health care reform in the Clinton and Obama Administrations"--P. [1] of cover.
|
| 504 |
|
|
|a Includes bibliographical references and index.
|
| 505 |
0 |
|
|a How does an idea's time come? -- Participants on the inside of government -- Outside of government, but not just looking in -- Processes: origins, rationality, incrementalism, and garbage cans -- Problems -- The policy primeval soup -- The political stream -- The policy window, and joining the streams -- Wrapping things up -- Some further reflections -- Epilogue: Health care reform in the Clinton and Obama Administrations -- Appendix on methods.
|
| 541 |
|
|
|e 27166
|
| 650 |
|
0 |
|a Political planning
|z United States.
|9 2161
|
| 650 |
|
0 |
|a Policy sciences.
|9 2108
|
| 650 |
|
2 |
|a Policy.
|9 2162
|
| 650 |
|
2 |
|a Politics.
|9 2163
|
| 650 |
|
2 |
|a Health Care Reform
|z United States.
|9 2164
|
| 651 |
|
0 |
|a United States
|x Politics and government.
|9 2165
|
| 830 |
|
0 |
|a Longman classics in political science.
|9 2166
|
| 887 |
|
|
|2 Ayesha Abed Library
|
| 942 |
|
|
|2 ddc
|c BK
|
| 999 |
|
|
|c 13598
|d 13598
|
| 952 |
|
|
|0 0
|1 0
|2 ddc
|4 0
|6 320_609730000000000_KIN
|7 0
|9 22761
|a IGS
|b IGS
|c GEN
|d 2013-06-19
|e Parama
|g 4798.80
|l 0
|o 320.60973 KIN
|p 3010027166
|r 2013-06-19
|t 1
|w 2013-06-19
|y BK
|